000 00539nam a2200169 4500
005 20251020144723.0
008 251020b |||||||| |||| 00| 0 eng d
020 _a9786214502585
082 _aDFil 899.2111 F963 2022
100 _aFunilas, Raul G.
_968918
245 _aWalang wakas ang aking pag-ibig /
_cRaul G. Funilas.
260 _aMaynila :
_bKWF Publikasyon,
_c©2022.
300 _axvii, 214 pages :
_billustrations ;
_c22 cm.
650 0 _aFilipino poetry.
_968919
650 0 _aLove poetry, Filipino.
_968920
942 _2ddc
_cDFIL
999 _c24080
_d24080